TREATISE ON ANTI CORRUPTION LAWS (Record no. 195865)

MARC details
000 -LEADER
fixed length control field 00318nam a2200145Ia 4500
008 - FIXED-LENGTH DATA ELEMENTS--GENERAL INFORMATION
fixed length control field 220923s9999 xx 000 0 und d
082 ## - DEWEY DECIMAL CLASSIFICATION NUMBER
Item number SHE
100 ## - MAIN ENTRY--PERSONAL NAME
Personal name SHELKAR, R.
245 #0 - TITLE STATEMENT
Title TREATISE ON ANTI CORRUPTION LAWS
250 ## - EDITION STATEMENT
Edition statement 2ND
260 ## - PUBLICATION, DISTRIBUTION, ETC.
Date of publication, distribution, etc. 2013
300 ## - PHYSICAL DESCRIPTION
Extent 478
650 ## - SUBJECT ADDED ENTRY--TOPICAL TERM
Topical term or geographic name entry element Corruption Act
942 ## - ADDED ENTRY ELEMENTS (KOHA)
Koha item type Book
Holdings
Withdrawn status Lost status Damaged status Not for loan Home library Current library Shelving location Date acquired Cost, normal purchase price Barcode Date last seen Price effective from Koha item type Public note
        Mewar University Central Library Mewar University Central Library Law 16/05/2017 450.00 L4427 23/09/2022 16/05/2017 Book 18-4